Weak demand and global cues depress NR prices despite fall in supply (Record no. 72324)

MARC details
000 -LEADER
fixed length control field 00355nam a2200133Ia 4500
100 ## - MAIN ENTRY--AUTHOR NAME
Personal name Jacob Jom
245 #0 - TITLE STATEMENT
Title Weak demand and global cues depress NR prices despite fall in supply
260 ## - PUBLICATION, DISTRIBUTION, ETC. (IMPRINT)
Name of publisher Rubber Board Bulletin
Year of publication 2014
300 ## - PHYSICAL DESCRIPTION
Number of Pages 15-20
650 ## - SUBJECT ADDED ENTRY--TOPICAL TERM
Topical Term Natural rubber
650 ## - SUBJECT ADDED ENTRY--TOPICAL TERM
Topical Term RSS
942 ## - ADDED ENTRY ELEMENTS (KOHA)
Koha item type Journals
Holdings
Withdrawn status Lost status Damaged status Not for loan Home library Current library Date acquired Serial Enumeration / chronology Koha item type
      Journals RRII Library RRII Library 18/03/2014 Volume 32, Issue 2 Journals